Guía para consejeras de los Rayitos de Sol (Record no. 16838)
[ view plain ]
| 000 -LEADER | |
|---|---|
| campo de control de longitud fija | 00616ntaaa2200193 4500 |
| 003 - IDENTIFICADOR DE NÚMERO DE CONTROL | |
| campo de control | 01 |
| 005 - FECHA Y HORA DE LA ÚLTIMA TRANSACCIÓN | |
| campo de control | 20251027202205.0 |
| 008 - DATOS DE LONGITUD FIJA--INFORMACIÓN GENERAL | |
| campo de control de longitud fija | 0714s1973 ag 01 |
| 040 ## - FUENTE DE CATALOGACIÓN | |
| Centro catalogador/agencia de origen | AR-BaBN |
| Lengua de catalogación | spa |
| Centro/agencia transcriptor | AR-BaBN |
| Normas de descripción | aacr |
| Centro/agencia modificador | RIC |
| 082 ## - NÚMERO DE LA CLASIFICACIÓN DECIMAL DEWEY | |
| Número de clasificación | 267.4 L56 |
| 245 ## - MENCIÓN DEL TÍTULO | |
| Título | Guía para consejeras de los Rayitos de Sol |
| 250 ## - MENCION DE EDICION | |
| Mención de edición | 3a ed., rev. |
| 260 ## - PUBLICACIÓN, DISTRIBUCIÓN, ETC. | |
| Lugar de publicación, distribución, etc. | El Paso, Tex. : |
| Nombre del editor, distribuidor, etc. | Casa Bautista de Publicaciones, |
| Fecha de publicación, distribución, etc. | 1963 |
| 300 ## - DESCRIPCIÓN FÍSICA | |
| Extensión | 90 p. ; |
| Dimensiones | il. byn ; 19 cm. |
| 500 ## - NOTA GENERAL | |
| Nota general | "Traducción y adaptación hechas por la Sra. Olivia S. D. de Lerín" |
| 500 ## - NOTA GENERAL | |
| Nota general | Inv. 026051 retirado definitivamente de biblioteca |
| 610 ## - PUNTO DE ACCESO ADICIONAL DE MATERIA--NOMBRE DE ENTIDAD CORPORATIVA | |
| Nombre de entidad corporativa o nombre de jurisdicción como elemento de entrada | Rayitos de Sol |
| 942 ## - ELEMENTOS DE ENTRADA SECUNDARIOS (KOHA) | |
| Tipo de ítem Koha | Colección General |
| Estatus retirado | Estado de pérdida | Estado de daño | No para préstamo | Biblioteca de origen | Biblioteca actual | Fecha de adquisición | Número de inventario | Total de préstamos | Signatura topográfica completa | Código de barras | Visto por última vez | Precio de reemplazo | Tipo de ítem Koha |
|---|---|---|---|---|---|---|---|---|---|---|---|---|---|
| Biblioteca Pluis | Biblioteca Pluis | 27/10/2025 | 014971 | 267.4 L56 | 014971 | 27/10/2025 | 27/10/2025 | Colección General | |||||
| Biblioteca Pluis | Biblioteca Pluis | 27/10/2025 | 014972 | 267.4 L56 | 014972 | 27/10/2025 | 27/10/2025 | Colección General | |||||
| Biblioteca Pluis | Biblioteca Pluis | 27/10/2025 | 026051 | 267.4 L56 | 026051 | 27/10/2025 | 27/10/2025 | Colección General |
